000 01664cam a22004814i 4500
003 PE-LiUPU
005 20250731173031.0
008 150623s r 000 0 d
020 _a0834104946
035 _a(Sirsi) i9780834104945
040 _aPE-LiUPU
_bspa
_cPE-LiUPU
_erda
049 _aPRUA
082 0 4 _a268
_bS21E
_221
100 1 _aSanner, A. Elwood,
_eautor.
245 1 0 _aExploring christian education /
_cA. Elwood Sanner.
264 1 _aKansas City, Missouri :
_bBeacon Hill Press of Kansas City,
_c1978.
300 _a504 páginas :
_bilustraciones, gráficos ;
_c22 centímetros
336 _atext
_2rdacontent
337 _aunmediated
_2rdamedia
338 _avolume
_2rdacarrier
504 _aBibliografía al pie de páginas.
505 0 _aFoundations of christian education. -Curriculun on christian education. -Structures for christian education.
526 _aSEG42
526 _aSEG41
526 _aSEG40
526 _aSEG39
526 _aP94
526 _aP87
526 _aP86
526 _aP85
526 _aP77
526 _aP76
526 _aP35
650 0 4 _aEducación CRISTIANA
_xcurrículo.
650 0 4 _aEducación CRISTIANA
_xPrincipios.
700 1 _aHarper, A. F.-.
942 _2ddc
_cBOOK
949 _a268 S21E
_wDEWEY
_c1
_i48158
_lCCODEBUL1
_mBUL
_p7.00
_r0
_sY
_tBOOK
_u2015-6-24
_xTEOLOGIA
_PP35
_0COMPRA
_o.STAFF. Colección General
994 _aC0
_bPEPRU
596 _a1
999 _a268 S21E
_wDEWEY
_c25133
_i48158
_f2021-11-10
_g5
_lCCODEBUL1
_mBUL
_p7.00
_r0
_sY
_tBOOK
_u2015-6-24
_xTEOLOGIA
_PP35
_0COMPRA
_o.STAFF. Colección General
_d25133
980 _81
_gALBERTO SANCHEZ Responsable de Automatización